[Event "UKR-ch"]
[Site "Simferopol"]
[Date "2003.11.11"]
[Round "8"]
[White "Myshakov, Fyodor"]
[Black "Kasanskij, Georgiy"]
[Result "0-1"]
[WhiteElo "2178"]
[BlackElo "2145"]
[PlyCount "110"]
[EventDate "2003.11.04"]
[EventType "swiss"]
[EventRounds "9"]
[EventCountry "UKR"]
[SourceTitle "CBM 097 Extra"]
[Source "ChessBase"]
[SourceDate "2004.01.13"]
[SourceVersion "1"]
[SourceVersionDate "2004.01.13"]
[SourceQuality "1"]

1. c4 f5 2. Nc3 Nf6 3. Nf3 g6 4. g3 Bg7 5. Bg2 d6 6. 0-0 0-0 7. d3 e5 8. Nd2 c6 9. Rb1 Be6 10. b4 d5 11. b5 e4 12. Na4 Nbd7 13. Ba3 Re8 14. Qc2 e3 15. fxe3 Ng4 16. Qb3 Nxe3 17. Rfe1 Nxg2 18. Kxg2 f4 19. Nf3 fxg3 20. hxg3 Ne5 21. Nxe5 Bxe5 22. Bb2 d4 23. Bc1 Qc7 24. b6 axb6 25. Nxb6 Rad8 26. Bg5 Bxg3 27. Bxd8 Rxd8 28. Rf1 Bh4 29. Rf3 Bg4 30. c5+ Kg7 31. Rbf1 Bxf3+ 32. Rxf3 Rf8 33. Rxf8 Kxf8 34. Qe6 Qe7 35. Qc8+ Kg7 36. Kh3 Bf6 37. Nd7 Qe3+ 38. Kg2 Qxe2+ 39. Kg1 Qg4+ 40. Kf1 Qf3+ 41. Kg1 Bh4 42. Qc7 Qf2+ 43. Kh1 Bg3 44. Ne5+ Kh6 45. Ng4+ Kg5 46. Nxf2 Bxc7 47. Kg2 Kf4 48. Nd1 h5 49. Kf2 g5 50. Nb2 g4 51. Nc4 h4 52. a4 h3 53. Nd6 g3+ 54. Kg1 Ba5 55. Nxb7 Bd2 0-1

[Event "UKR-ch"]
[Site "Simferopol"]
[Date "2003.11.09"]
[Round "6"]
[White "Kilimnik, Evgeny"]
[Black "Kasanskij, Georgiy"]
[Result "1-0"]
[WhiteElo "2075"]
[BlackElo "2145"]
[PlyCount "54"]
[EventDate "2003.11.04"]
[EventType "swiss"]
[EventRounds "9"]
[EventCountry "UKR"]
[SourceTitle "CBM 097 Extra"]
[Source "ChessBase"]
[SourceDate "2004.01.13"]
[SourceVersion "1"]
[SourceVersionDate "2004.01.13"]
[SourceQuality "1"]

1. d4 d5 2. c4 e6 3. Nf3 a6 4. Nc3 dxc4 5. a4 Nf6 6. e3 c5 7. Bxc4 Nc6 8. 0-0 b6 9. Qe2 cxd4 10. Rd1 Bd6 11. exd4 0-0 12. Bg5 Be7 13. Rac1 Bb7 14. d5 Nxd5 15. Nxd5 Bxg5 16. Nxg5 Qxg5 17. f4 Qf5 18. Nxb6 Rad8 19. Nd7 Rfe8 20. Bxa6 Bxa6 21. Qxa6 Nb8 22. Nxb8 Rxb8 23. Qd6 Rxb2 24. Rc8 Rxg2+ 25. Kh1 Rg1+ 26. Kxg1 Qg6+ 27. Kf2 f6 1-0

[Event "UKR-ch"]
[Site "Simferopol"]
[Date "2003.11.05"]
[Round "2"]
[White "Yastreb, Konstantin"]
[Black "Kasanskij, Georgiy"]
[Result "1-0"]
[WhiteElo "2338"]
[BlackElo "2145"]
[PlyCount "89"]
[EventDate "2003.11.04"]
[EventType "swiss"]
[EventRounds "9"]
[EventCountry "UKR"]
[SourceTitle "CBM 097 Extra"]
[Source "ChessBase"]
[SourceDate "2004.01.13"]
[SourceVersion "1"]
[SourceVersionDate "2004.01.13"]
[SourceQuality "1"]

1. e4 c5 2. Nf3 e6 3. Nc3 Nc6 4. d4 cxd4 5. Nxd4 a6 6. Be3 Qc7 7. Bd3 Nf6 8. 0-0 b5 9. Kh1 Bb4 10. f4 Bxc3 11. bxc3 Ne7 12. a4 bxa4 13. Rxa4 Bb7 14. Nb3 Bc6 15. Rb4 Rb8 16. e5 Rxb4 17. cxb4 Nfd5 18. Bc5 0-0 19. c4 Nxf4 20. Rxf4 Qxe5 21. Rf1 Qg5 22. Qe2 Rd8 23. Qf2 f5 24. Nd4 Bb7 25. Nf3 Qf6 26. Qd4 d6 27. Bb6 Rd7 28. Qxf6 gxf6 29. Nd4 Nc8 30. Ba5 Kf7 31. Re1 Re7 32. b5 axb5 33. cxb5 Bd5 34. b6 Bb7 35. Bb5 f4 36. Kg1 f5 37. Rc1 Kf6 38. Bc6 e5 39. Bxb7 Rxb7 40. Rxc8 exd4 41. Rc7 Rb8 42. b7 d3 43. Kf1 d5 44. Ke1 Ke6 45. Bb4 1-0